| 000 | 00480nam a2200181Ia 4500 | ||
|---|---|---|---|
| 008 | 151213s9999 xx 000 0 und d | ||
| 020 | _a185573-484-2 | ||
| 082 |
_a677.2832 _b677.2832 |
||
| 100 | _aJ. Gordon Cook | ||
| 245 |
_aHand book of Textile Fibers _cJ. Gordon Cook |
||
| 250 | _a5th | ||
| 260 |
_aCambridge _bWoodheal Publishing Limited _c2001 |
||
| 300 | _a12014 p. | ||
| 650 | _aTextile | ||
| 650 | _aTextile Engineering | ||
| 700 | _aJ. Gordon Cook | ||
| 999 |
_c5076 _d5076 |
||